سیفِ چشتیائی (Record no. 14749)

MARC details
000 -LEADER
fixed length control field 00341nam a2200133Ia 4500
008 - FIXED-LENGTH DATA ELEMENTS--GENERAL INFORMATION
fixed length control field 230312s9999||||xx |||||||||||||| ||und||
082 ## - DEWEY DECIMAL CLASSIFICATION NUMBER
Classification number 891.4
Item number ALI-S
100 ## - MAIN ENTRY--PERSONAL NAME
Personal name سیدّ پیر مہر علی شاہ گیلانی
245 #0 - TITLE STATEMENT
Title سیفِ چشتیائی
260 ## - PUBLICATION, DISTRIBUTION, ETC.
Place of publication, distribution, etc. pakisrtan
Date of publication, distribution, etc. 2017
300 ## - PHYSICAL DESCRIPTION
Extent 230
650 ## - SUBJECT ADDED ENTRY--TOPICAL TERM
Topical term or geographic name entry element Literature
942 ## - ADDED ENTRY ELEMENTS (KOHA)
Koha item type BOOK
Holdings
Withdrawn status Lost status Source of classification or shelving scheme Damaged status Not for loan Home library Current library Date acquired Total Checkouts Full call number Barcode Date last seen Price effective from Koha item type
    Dewey Decimal Classification     Superior Information Resource Center (SIRC) Superior University- Main Campus Superior Information Resource Center (SIRC) Superior University- Main Campus 03/13/2023   891.4 ALI-S 14892 03/13/2023 03/13/2023 BOOK

Powered by Koha